Statistics for Государственные языки республик России

Click here to take the quiz!

General Stats

  • This quiz has been taken 51 times
  • The average score is 10 of 26

Answer Stats

Answer% Correct
Татарский
91%
Чеченский
79%
Русский
77%
Башкирский
64%
Якутский
60%
Чувашский
57%
Бурятский
55%
Марийский
47%
Тувинский
45%
Украинский
45%
Языки народов Дагестана
43%
Ингушский
43%
Удмуртский
40%
Адыгейский
38%
Осетинский
38%
Коми
36%
Алтайский
28%
Хакасский
23%
Калмыцкий
21%
Мокшанский
15%
Эрзянский
13%
Крымскотатарский
11%
Карачаево-балкарский
9%
Кабардино-черкесский
9%
Абазинский
2%
Ноганский
2%

Score Distribution

Percentile by Number Answered

Percent of People with Each Score

Your Score History

You have not taken this quiz